nommez le plus de Jeux vidéo possible (le plus grand quiz du genre) - Statistiques

Statistiques générales
  • Ce quiz a été pris 49 fois
  • Le résultat moyen est 32 sur 500
Statistiques - réponses
Console Jeux % Correct
MARIO BROS (2D) : NES Super Mario bros
56%
Pc / Play / Xbox Call of Duty
54%
PC / Play / Nintendo GTA
51%
PC / Play / Xbox / Nintendo Fortnite
38%
Licence Ubisoft : 2007 Assassin's Creed
36%
Wii U Mario Kart 8
33%
Play The Last of Us
31%
Autres Jeux Nintendo Populaire : GameCube Animal Crossing
28%
Wii Mario Galaxy
28%
MARIO PARTY : Nintendo 64 Mario Party
28%
Nintendo 64 Super smash bros
28%
Play / Xbox / Pc GTA 5
26%
PC League Of Legends
26%
Play / Xbox / Pc / Nintendo Minecraft
26%
PC / Play / Xbox / Nintendo Call of Duty: Black Ops
23%
PC / Play / Xbox Call of Duty: Modern Warfare
23%
Play / Xbox / Pc GTA 4
23%
Play / Xbox / Pc / Nintendo GTA San Andreas
23%
Nintendo Ds New Super Mario Bros
23%
PC / Xbox Call of Duty 2
21%
Play / Xbox / Nintendo Call of Duty 3
21%
PC / Play / Xbox / Nintendo Call of Duty 4
21%
PC / Play/ Nintendo Final Fantasy
21%
Play God of War
21%
PC / Play / Nintendo GTA 2
21%
Play / Xbox / Pc / Nintendo GTA 3
21%
Play / Xbox / Pc / Nintendo GTA Vice City
21%
Xbox Halo
21%
MARIO 3D: Nintendo 64 Mario 64
21%
Game Boy Advance Mario Bros 3
21%
DS Mario Kart DS
21%
Wii Mario kart Wii
21%
Wii U Mario Party 10
21%
Nintendo 64 Mario Party 2
21%
Nintendo 64 Mario Party 3
21%
GameCube Mario Party 4
21%
GameCube Mario Party 5
21%
GameCube Mario Party 6
21%
GameCube Mario Party 7
21%
Wii Mario Party 9
21%
PC / Play / Xbox / Nintendo Overwatch
21%
Nintendo / Play / Xbox Red Dead Redemption
21%
PC Resident Evil
21%
WII U / Switch Breath Of the Wild
18%
GameCube / 3DS Luigi's Mansion
18%
3DS Mario Kart 7
18%
Switch Mario Kart 8 Deluxe
18%
GameCube Mario kart Double Dash
18%
Wii Mario Party 8
18%
Licence Zelda : NES The Legend Of Zelda
18%
PC / Play / Xbox Valorant
18%
2018 Assassin's Creed odyssey
15%
2017 Assassin's Creed Origins
15%
PC / Play / Xbox / Nintendo Call of Duty Modern Warfare 2
15%
PC / Play / Xbox / Nintendo Call of Duty: Modern Warfare 3
15%
Game Boy Advance Mario Bros 2
15%
Divers Mario et Sonic aux jeux olympiques
15%
Switch Mario Odyssey
15%
Nintendo 64 Ocarina Of Time
15%
Play The Need for Speed
15%
Wii Wii Sports
15%
Switch Animal Crossing New horizon
13%
2020 Assassin's Creed Valhalla
13%
PC / Play / Xbox / Nintendo Call of Duty: Ghosts
13%
PC / Play / Xbox Call of Duty: Infinite Warfare
13%
Donkey Kong : SuperNintendo Donkey kong Country
13%
Play / Xbox / PC Elden Ring
13%
PC Fallout
13%
2004 Far Cry
13%
2008 Far Cry 2
13%
2012 Far Cry 3
13%
2014 Far Cry 4
13%
2018 Far Cry 5
13%
2021 Far Cry 6
13%
Play God of War Ragnarök
13%
Xbox Halo 2
13%
Xbox Halo 3
13%
Xbox Halo 4
13%
Xbox Halo 5
13%
Xbox Halo Infinite
13%
Wii Mario Galaxy 2
13%
Nintendo 64 / DS Mario kart 64
13%
Game Boy Mario Land
13%
GameCube Mario Sunshine
13%
Licence Metroid : NES Metroid
13%
PAPER MARIO : Nintendo 64 Paper Mario
13%
Game Boy Advance Pokémon Emeraude
13%
PC / Play / Xbox PUBG
13%
Play / Nintendo / PC Resident Evil 2
13%
Play / Nintendo / PC Resident Evil 3
13%
Play / Nintendo / PC Resident Evil 4
13%
Play / Xbox / Pc Resident Evil 5
13%
Play / Xbox / Pc Resident Evil 6
13%
Play / Xbox / Pc Resident Evil 7
13%
PC / Play / Xbox / Nintendo Rocket League
13%
Licence Sonic : 1991 Sonic the Hedgehog
13%
MARIO KART : Super Nintendo Super Mario Kart
13%
GameCube Twilight Princess
13%
Play Uncharted
13%
Play Uncharted 2
13%
Play Uncharted 3
13%
PC / Play Uncharted 4
13%
3DS Animal Crossing New Leaf
10%
2010 Assassin's Creed Brotherhood
10%
2009 Assassin's Creed II
10%
2012 Assassin's Creed III
10%
2011 Assassin's Creed Révélations
10%
2014 Assassin's Creed Unity
10%
PC / Play / Xbox Call of Duty: Advanced Warfare
10%
PC Counter strike
10%
Play / Xbox / Nintendo Dark Souls
10%
PC Fallout 2
10%
Play / Xbox / PC Fallout 3
10%
Play / Xbox / PC Fallout 4
10%
Nintendo / Play Final Fantasy II
10%
Nintendo / PC Final Fantasy III
10%
PC / Play/ Nintendo Final Fantasy IV
10%
PC / Play/ Nintendo / Xbox Final Fantasy IX
10%
PC / Play/ Nintendo Final Fantasy V
10%
PC / Play/ Nintendo Final Fantasy VI
10%
PC / Play/ Nintendo / Xbox Final Fantasy VII
10%
PC / Play/ Nintendo / Xbox Final Fantasy VIII
10%
PC / Play/ Nintendo / Xbox Final Fantasy X
10%
PC / Play/ Xbox Final Fantasy XI
10%
PC / Play/ Xbox / Nintendo Final Fantasy XII
10%
PC / Play/ Xbox Final Fantasy XIII
10%
PC / Play/ Xbox Final Fantasy XV
10%
PC / Play Final Fantasy XVI
10%
3DS / Switch Luigi's Mansion 2
10%
Switch Luigi's Mansion 3
10%
Nintendo 64 Majora's Mask
10%
Divers Mario Golf
10%
Switch Mario Wonder
10%
GameCube Métroid Prime
10%
3DS New Super Mario Bros 2
10%
Wii New Super Mario Bros Wii
10%
Game Boy Pokémon Jaune
10%
DS Pokémon platine
10%
1995 Rayman
10%
Wii U Splatoon
10%
Switch Super Smash Bros. Ultimate
10%
Switch Tears of the Kingdom
10%
Divers Wario Land
10%
PC world of warcraft
10%
SuperNintendo / game boy advance A link to the past
8%
2013 Assassin's Creed IV Black Flag
8%
2023 Assassin's Creed Mirage
8%
2024 Assassin's Creed Shadows
8%
PC / Play / Xbox / Nintendo Call of Duty: Black Ops II
8%
PC / Play / Xbox Call of Duty: Black Ops III
8%
PC / Play / Xbox Call of Duty: Black Ops IIII
8%
PC / Play / Xbox Dark Souls II
8%
PC / Play / Xbox Dark Souls III
8%
Play / Xbox / PC Fallout 76
8%
2019 Far Cry New Dawn
8%
2016 Far Cry Primal
8%
PC / Play/ Xbox Final Fantasy XIV
8%
Play / Xbox / Pc (2025) GTA 6
8%
3DS / Wii U Hyrule Warriors
8%
2009 Just Dance
8%
Game Boy Mario Land 2
8%
DS Mario Party DS
8%
Game Boy avance / Super Nintendo Mario World
8%
Wii U New Super Mario Bros U
8%
DS Pokémon Diamant et Perle
8%
Switch Pokémon écarlate et Violet
8%
Switch Pokémon épée et Bouclier
8%
DS Pokémon Noir 2 et Blanc 2
8%
DS Pokémon Noir et Blanc
8%
Nintendo 64 Pokémon Snap
8%
3DS Pokémon Soleil et Lune
8%
3DS Pokémon Ultra-Soleil et Ultra-Lune
8%
3DS Pokémon X et Y
8%
Play / Xbox / Pc Resident Evil Village
8%
2011 Skyrim
8%
Wii Skyward Sword
8%
Switch Super Mario Party
8%
Wii Super Smash Bros Brawl
8%
GameCube The wind Waker
8%
Divers Wario Ware
8%
3DS A Link Between Worlds
5%
DS Animal Crossing Wild World
5%
Switch Arms
5%
2014 Assassin's Creed Rogue
5%
2015 Assassin's Creed Syndicate
5%
Play Bloodborne
5%
PC / Play/ Xbox / Nintendo Borderlands
5%
PC / Play/ Xbox / Nintendo Borderlands 2
5%
PC / Play/ Xbox Borderlands 3
5%
PC / Play / Xbox Call of Duty: Black Ops 6
5%
PC / Play / Xbox Call of Duty: Black Ops Cold War
5%
PC / Play / Xbox Call of Duty: Vanguard
5%
PC / Play / Xbox / Nintendo Call of Duty World at War
5%
PC / Play / Xbox Call of Duty: WWII
5%
Nintendo 64 Donkey Kong 64
5%
SuperNintendo Donkey Kong Country 2
5%
SuperNintendo Donkey Kong Country 3
5%
Wii Donkey Kong Country Returns
5%
Wii U / Switch Donkey Kong Country tropical freeze
5%
Switch Echoes of Wisdom
5%
PC / Play / Xbox / Nintendo Fall Guys
5%
Xbox Forza Horizon
5%
Xbox Forza Horizon 2
5%
Xbox Forza Horizon 3
5%
Xbox Forza Horizon 4
5%
Xbox Forza Horizon 5
5%
Xbox Forza Motosport
5%
Play God of War Ascension
5%
Play God of War II
5%
Play God of War III
5%
Play Gran Turismo
5%
Game Boy / Switch Link's awakening
5%
3DS Mario 3d Land
5%
Wii U Mario 3d World
5%
DS Mario et Luigi Voyage au centre de Bowser
5%
Game Boy Advance Mario Party Advance
5%
Switch Mario Party Superstars
5%
GameCube Métroid Prime 2
5%
Game Boy Color Oracle Of Ages
5%
Game Boy Color Oracle Of seasons
5%
Game Boy Color Pokémon Cristal
5%
Game Boy Color Pokémon Or et Argent
5%
Licence Pokémon : Game Boy Pokémon Rouge et Bleu
5%
Game Boy Advance Pokémon Rubis et Saphir
5%
3DS Pokémon Saphir Alpha et Rubis Oméga
5%
Wii Poképark
5%
1989 Prince of Persia
5%
2013 Rayman Legends
5%
Play / Xbox / Pc Red Dead Redemption II
5%
PC / Play / Xbox Rust
5%
1998 Sonic Adventure
5%
2001 Sonic Adventure 2
5%
2022 Sonic Frontiers
5%
Switch Splatoon 2
5%
Switch Splatoon 3
5%
Wii U / 3DS Super Mario Maker
5%
SNES Super Métroid
5%
GameCube Super smash bros melee
5%
Play The Last Of Us II
5%
3DS Tomodachi Life
5%
3DS Tri Force Heroes
5%
Wii Wii Party
5%
Autres Licence connue : 3DS Yo-Kai Watch
5%
3DS Animal Crossing Happy Home Designer
3%
PC / Play / Xbox / Nintendo ARK
3%
PC / Play / Xbox Call of Duty: Modern Warfare II
3%
PC / Play / Xbox Call of Duty: Modern Warfare III
3%
GameBoy Donkey Kong Land
3%
GameBoy Donkey Kong Land 2
3%
AUTRES (MARIO, LUIGI, TOAD ) : Game Boy Dr Mario
3%
Play / Xbox / Nintendo/ PC Fallout Shelter
3%
Xbox Forza Motosport 2
3%
Xbox Forza Motosport 3
3%
Xbox Forza Motosport 4
3%
Xbox Forza Motosport 5
3%
Xbox Forza Motosport 6
3%
Xbox Forza Motosport 7
3%
Xbox Forza Motosport 8
3%
Game Boy Advance Four Sword
3%
Game Boy Advance Four Sword Adventure
3%
PC / Play Genshin Impact
3%
PC / Play Ghost Of Tsushima
3%
Play Gran Turismo 2
3%
Play Gran Turismo 3
3%
Play Gran Turismo 4
3%
Play Gran Turismo 5
3%
Play Gran Turismo 6
3%
Play Gran Turismo 7
3%
2010 Just Dance 2
3%
2013 Just Dance 2014
3%
2014 Just Dance 2015
3%
2015 Just Dance 2016
3%
2016 Just Dance 2017
3%
2017 Just Dance 2018
3%
2018 Just Dance 2019
3%
2019 Just Dance 2020
3%
2020 Just Dance 2021
3%
2021 Just Dance 2022
3%
2022 Just Dance 2023
3%
2023 Just Dance 2024
3%
2011 Just Dance 3
3%
2012 Just Dance 4
3%
PC / Play/ Xbox / Nintendo Kingdom Hearts
3%
Play Kingdom Hearts 2
3%
Switch Légendes Pokémon Arceus
3%
3DS Majora's Mask 3D
3%
Switch Mario 3d all-star
3%
Game Boy Advance Mario Advance
3%
Divers Mario Baseball
3%
3DS Mario et Luigi Dream Team Bros
3%
Switch Mario et Luigi L'Épopée fraternelle
3%
DS Mario et Luigi Les Frères du temps
3%
MARIO ET LUIGI : Game Boy Advance Mario et Luigi Superstar Saga
3%
Game Boy advance Mario kart Supercircuit
3%
3DS Mario Party Island Tour
3%
3DS Mario Party the top 100
3%
Divers Mario Strickers
3%
Wii Métroid Prime 3
3%
Switch (2025) Métroid Prime 4
3%
Play / Xbox Need for Speed Heat
3%
Play / Xbox Need for Speed Unbound
3%
Wii U New Super Luigi U
3%
3DS Ocarina Of Time 3D
3%
Wii U Paper Mario Color Splash
3%
GameCube Paper Mario La porte Millénaire
3%
3DS Paper Mario Sticker Star
3%
Switch Paper Mario The Origami King
3%
DS Phantom Hourglass
3%
GameCube / Switch Pikmin
3%
GameCube / Switch Pikmin 2
3%
Wii U Pikmin 3
3%
Switch Pikmin 4
3%
GameCube Pokémon Colosseum
3%
Switch Pokémon Unite
3%
Wii Poképark 2
3%
1999 Rayman 2
3%
2003 Rayman 3
3%
2012 Rayman Origins
3%
¨Play / Xbox Red Dead Revolver
3%
Play / Nintendo / Xbox Skylanders: Giants
3%
Switch Skyward Sword HD
3%
PC / Play / Xbox Slime Rancher
3%
2017 Sonic Mania
3%
1992 Sonic the Hedgehog 2
3%
1994 Sonic the Hedgehog 3
3%
2010 Sonic the Hedgehog 4
3%
DS Spirit Tracks
3%
PC / Play / Xbox / Nintendo Subnautica
3%
PC / Play / Xbox / Nintendo Subnautica: Below Zero
3%
Switch Super Mario Maker 2
3%
Wii Super Paper Mario
3%
3DS Super smash Bros 3DS
3%
Wii U Super smash bros Wii U
3%
2014 The Crew
3%
2018 The Crew 2
3%
2023 The Crew Motorfest
3%
1994 The Elder Scrolls
3%
Play The Last of Us Remastered,
3%
Game Boy Advance The Minish cap
3%
Wii U The Wind Waker HD
3%
2015 Tom Clancy's Rainbow Six: Siege
3%
Wii / Wii U Twilight Princess HD
3%
2014 Watch Dogs
3%
Wii Wii Sports Resorts
3%
3DS Yo-Kai Watch 2
3%
3DS Yo-Kai Watch 3
3%
Wii U Animal Crossing Amiibo Festival
0%
Wii Animal Crossing Let's go to the city
0%
3DS Animal Crossing New Leaf Welcome Amiibo
0%
2008 Assassin's Creed Altaïr's Chronicles
0%
2009 Assassin's Creed Bloodlines
0%
2015 Assassin's Creed Chronicles China
0%
2016 Assassin's Creed Chronicles India
0%
2016 Assassin's Creed Chronicles Russia
0%
Play Birth By Sleep
0%
Play / Nintendo / Xbox NFS Underground 2
0%
Switch Cadence of Hyrule
0%
Switch / 3DS / Wii U captain toad treasure tracker
0%
Play Demon's Souls
0%
3DS Détective Pikachu
0%
Nintendo 64 / DS Diddy Kong Racing
0%
GameCube / Wii Donkey Kong Jungle Beat
0%
GameBoy Donkey Kong Land III
0%
2005 Far Cry Instincts
0%
2006 Far Cry Instincts Evolution
0%
2006 Far Cry Vengeance
0%
Play Gran Turismo Sport
0%
Switch Hyrule Warriors L'Ère du Fléau
0%
PC / Play / Xbox Just Cause
0%
PC / Play / Xbox Just Cause 2
0%
PC / Play / Xbox Just Cause 3
0%
PC / Play / Xbox just Cause 4
0%
Nintendo Kingdom Hearts 358/2 Days
0%
Nintendo Kingdom Hearts 3D Dream Drop Distance
0%
Nintendo Kingdom Hearts Chain of Memories
0%
PC / Play/ Xbox / Nintendo Kingdom Hearts Final Mix
0%
Play / Xbox Kingdom Hearts III
0%
Nintendo Kingdom Hearts Re:Coded
0%
Switch ( 2025 ) Légende Pokémon Z-A
0%
Game Boy Link's Awakening DX
0%
Wii Link's Crossbow Training
0%
Switch Mario Bros U Deluxe
0%
3DS Mario et Luigi Paper Jam Bros
0%
YOSHI ET CIE : Game Boy Mario et Yoshi
0%
3DS Mario Party Star rush
0%
MARIO ET LE SPORTS : Divers Mario Ténis
0%
Switch Mario + The Lapins Crétins Kingdom Battle
0%
Switch Mario + The Lapins Crétins Sparks of Hope
0%
Game boy advance Mario vs Donkey Kong
0%
DS Mario Vs Donkey kong 2
0%
Switch Mario world + bower fury
0%
Play Marvel's Spider-Man
0%
Play Marvel's Spider-Man 2
0%
Play Marvel's Spider-Man Miles Morales
0%
Switch Métroid Dread
0%
Game Boy Advance Metroid : Fusion
0%
Game Boy Metroid II : Return of Samus
0%
Wii Metroid : Other M
0%
3DS Metroid : Samus Returns
0%
Game Boy Advance Metroid : Zero Mission
0%
3DS / Switch Miitopia
0%
Play / Xbox / Pc / Nintendo Minecraft Dungeons
0%
Play / Xbox / Pc / Nintendo Minecraft Legends
0%
Play / Xbox / Pc / Nintendo Minecraft Story Mode
0%
Divers Mini Mario
0%
Play / Nintendo / Xbox Need for Speed Hot Pursuit Remastered
0%
Play Need for Speed II
0%
Switch New Pokémon Snap
0%
Play / Nintendo / Xbox NFS Carbon
0%
PC / Play/ Xbox / Nintendo NFS Hot Pursuit
0%
Play / Nintendo / Xbox NFS Most Wanted
0%
Nintendo NFS Nitro
0%
Play / Nintendo / Xbox NFS ProStreet
0%
Play / Xbox NFS Rivals
0%
PC / Play / Xbox NFS Shift
0%
Play / Nintendo / Xbox NFS The Run
0%
PC / Play/ Xbox / Nintendo NFS Undercover
0%
Play / Nintendo / Xbox NFS Underground
0%
Switch nintendo Swtich Sports
0%
Wii Pokémon Battle Révolution
0%
DS Pokémon Dash
0%
DS Pokémon Donjon Mystère Équipe de Secours Bleue
0%
Switch Pokémon Donjon Mystère : Équipe de Secours DX
0%
Game Boy Advance Pokémon Donjon Mystère Équipe de Secours Rouge
0%
DS Pokémon Donjon Mystère : Explorateurs de l’Ombre
0%
DS Pokémon Donjon Mystère : Explorateurs du Ciel
0%
DS Pokémon Donjon Mystère : Explorateurs du Temps
0%
3DS Pokémon Donjon Mystère : Les Portes de l’Infini
0%
DS Pokémon Hearth Gold et Soulsilver
0%
Switch Pokémon Let's go
0%
3DS Pokémon Méga Donjon Mystère
0%
Switch Pokémon Perle scintillante et diamant étincelant
0%
Switch Pokémon Quest
0%
DS Pokémon Ranger
0%
Game Boy Advance Pokémon Rouge feu, vert feuille
0%
Wii Pokémon Rumble
0%
Wii U Pokémon Rumble U
0%
3DS Pokémon Rumble World
0%
Nintendo 64 Pokémon Stadium
0%
Nintendo 64 Pokémon Stadium 2
0%
GameCube Pokémon XD : Le Souffle des Ténèbres
0%
Wii u Pokkén Tournament
0%
Switch Pokkén Tournament DX
0%
3DS Poochy et Yoshi's Woolly World
0%
2006 Rayman contre les lapins crétins
0%
2012 Rayman Jungle Run
0%
2005 Rayman La Revanche des Hoodlums
0%
Switch Ring Fit Adventure
0%
2005 Shadow the Hedgehog
0%
Play / Nintendo / Xbox Skylanders: Imaginators
0%
PC / Play / Nintendo / Xbox Skylanders: Spyro's Adventure
0%
Play / Nintendo / Xbox Skylanders: SuperChargers
0%
Play / Nintendo / Xbox Skylanders: Swap Force
0%
Play / Nintendo / Xbox Skylanders: Trap Team
0%
PC / Play / Xbox Slime Rancher 2
0%
2001 Sonic Advance
0%
2002 Sonic Advance 2
0%
2004 Sonic Advance 3
0%
2012 Sonic and All-Stars Racing Transformed
0%
1994 Sonic and Knuckles
0%
2010 Sonic and Sega All-Stars Racing
0%
2007 Sonic and the Secret Rings
0%
1996 Sonic Blast
0%
2014 Sonic Boom : Le Cristal brisé
0%
2016 Sonic Boom : Le Feu et la Glace
0%
2014 Sonic Boom: Rise of Lyric
0%
2008 Sonic Chronicles
0%
2010 Sonic Colours
0%
2009 Sonic et le Chevalier noir
0%
2017 Sonic Forces
0%
2011 Sonic Generations
0%
2003 Sonic Heroes
0%
2013 Sonic Lost World
0%
2006 Sonic Rivals
0%
2007 Sonic Rivals 2
0%
2005 Sonic Rush
0%
2007 Sonic Rush Adventure
0%
2023 Sonic Superstars
0%
1994 Sonic Triple Trouble
0%
2008 Sonic Unleashed
0%
Switch Super Mario Party Jamboree
0%
Super Nintendo / Switch Super Mario RPG
0%
Super Nintendo / game boy advance Super Mario World 2 Yoshi's Island
0%
3ds Super Pokémon Rumble
0%
2019 Team Sonic Racing
0%
1996 The Elder Scrolls II
0%
2002 The Elder Scrolls III
0%
2006 The Elder Scrolls IV
0%
2016 Watch Dogs 2
0%
2020 Watch Dogs Legion
0%
DS Yoshi island DS
0%
Super Nintendo Yoshi's cookie
0%
Switch Yoshi's Crafted World
0%
Game Boy advance Yoshi's Island Super Mario Advance 3
0%
3DS Yoshi's New Island
0%
Super Nintendo Yoshi's safari
0%
Nintendo 64 Yoshi's Story
0%
Wii U Yoshi's Woolly World
0%
DS Yoshi Touch and Go
0%
Nes Zelda II : The adventure of link
0%
Aucun quiz correspondant
Distribution des résultats
% des personnes avec chaque résultat
Percentile par nombre de réponses
Votre historique - résultats
Vous n’avez pas pris ce quiz